| 000 | 00763nam a2200157 a 4500 | ||
|---|---|---|---|
| 008 | 100326s2004 ||||||||||||||||| || u | ||
| 020 | _a9211282713 | ||
| 050 | _aUN-ESCWA(02) | ||
| 110 | _aUnited Nations Economic and Social Commission for Western Asia (ESCWA) | ||
| 245 | 1 | 0 | _aAnalysis of performance and assessment of growth and productivity in the ESCWA Region, second issue |
| 260 |
_aNew York _bUnited Nations Economic and Social Commission for Western Asia(UN-ESCWA) _c2004 |
||
| 300 | _av; 29p.; ill. | ||
| 350 | _a0.00 | ||
| 650 | _aECONOMIC GROWTH TRANSFORMATION--RESEARCH --WESTERN ASIA | ||
| 995 |
_D0.00 _FCBU-MAIN LIBRARY (Kitwe) _H1 _I0.00 _M1 _UAVAILABLE _WMar 26, 2010 _ZInternational Publications |
||
| 999 |
_c34269 _d34269 |
||